| 000 | 00620cam a22002292a 4500 | ||
|---|---|---|---|
| 001 | 017546 | ||
| 003 | AR-FADEU | ||
| 008 | 311216n1999####xxu####################dd | ||
| 020 | _a987-9355-01-6 | ||
| 092 |
_a303.4 _bD583d |
||
| 245 | _aLa DINAMICA global local : cultura y comunicación : nuevos desafíos | ||
| 260 | _aBuenos Aires | ||
| 260 | _bCICCUS | ||
| 260 | _bLa Crujía | ||
| 260 | _c1999 | ||
| 300 | _a294 p | ||
| 440 | _aSigno | ||
| 500 | _aIncluye bibliografía | ||
| 700 | _aRubens, Bayardo, comp. | ||
| 650 | _aCULTURA Y MODERNIDAD; CAMBIOS SOCIALES; MEDIOS DE COMUNICACION | ||
| 942 | _cBDGR | ||
| 999 |
_c23293 _d23293 |
||